00966nam a2200265 a 450000500170000000800410001702000230005802000260008103700210010704000180012808200060014610000340015224500700018626000340025627000140029030000320030449000210033650000290035752002080038665000250059465000190061965000220063865000220066070000180068220091211135350.0020530s2002 nyua b 000 1 eng  a0375812792c100.00 a9780375812798c100.00 bBlueberry Books  adplbEnglish  aS aGreenburg, J. C.q(Judith C.) aIn the kitchen /cby J.C. Greenburg ; illustrated by Debbie Palen aNew York bRandom Housec2002 bNew York  a80 p.: bill. c20 cm(pbk)  aAndrew lost ;v3 a"A stepping stone book." aAfter being shrunk by a shrinking machine, Alexander, his cousin Judy, and Thudd the robot encounter drain flies, a cockroach, and worse as they work their way through Mrs. Scuttle's house toward safety. aInventionsvFiction. aSizevFiction. aInsectsvFiction. aCousinsvFiction. aPalen, Debbie